00606nam a22001937a 450000500170000001000130001702000220003003500130005203700160006504000120008108200160009310000150010924501190012426000440024327000400028730000270032765000370035465000210039120170124110205.0 aA-286513 c40.00a8185082022 aA-286513 bCen Lib/Ret aDPLbEN a181.45bGOE aGoel, B. S aShrimad Bhagavad Geeta :cby B. S. Goelba psychological commentary for spiritual seekers and psychic sufferers / aKurukshetrabThird Eye Foundationc1986 aHouse No. 33, New ColonybHaryaanaa axxi,136p. : c22cm(Hb) aBhagavadgītā -- Commentaries aBhagavadgītā